Introducción al control de procesos por ordenador

Tallennettuna:
Bibliografiset tiedot
Päätekijä: Corominas Viñas, Joaquín (Tekijä)
Aineistotyyppi: Kirja
Kieli:espanja
Julkaistu: Barcelona Universidad Politécnica de Barcelona 1976
Aiheet:
Tagit: Lisää tagi
Ei tageja, Lisää ensimmäinen tagi!

MARC

LEADER 00000nam a2200000 a 4500
001 UCU4662
003 CL-VaPUC
008 960524e19760000SP |||||||||||||||||spa|d
082 0 4 |a 629.8  |b COR  |2 21 
100 0 |a Corominas Viñas, Joaquín  |e author  |9 362326 
245 1 0 |a Introducción al control de procesos por ordenador 
300 |a 169 p 
942 |c BK 
945 |d 19960524 00:00:00  |a cmena 
260 |a Barcelona  |b Universidad Politécnica de Barcelona  |c 1976 
650 0 |a Control automático  |9 259890 
650 0 |a Ingeniería de sistemas   |9 261019 
650 0 |a Programación de computadores   |9 259531 
650 0 |a Informática   |9 260044 
650 0 |a Teoría de control  |9 336624 
650 7 |a METODOS DE GESTION  |2 CL-VaPUC  |9 361178 
650 0 |a Gestión de la información   |9 362327 
650 0 |a Automatización   |9 299909 
650 0 |a Computadores  |9 258188 
650 0 |a Software  |9 387312 
583 |a last modification  |c 19960524 00:00:00  |k Rodrigo Vera 
999 |c 248283  |d 248281 
952 |0 0  |1 0  |4 0  |6 629_800000000000000_COR_1976  |7 0  |8 A  |9 264793  |a BIBING  |b BIBING  |d 2019-11-19  |i 1667947  |o 629.8 COR 1976  |p 1667947  |r 2025-01-20  |w 2019-11-19  |y BK  |k EIE